Implementácia ESG prístupov ako konkurenčná výhoda podnikov habilitačná prednáška

Gespeichert in:
Bibliographische Detailangaben
1. Verfasser: Freňáková, Magdaléna, 1981-
Körperschaft: Ekonomická univerzita v Bratislave. Podnikovohospodárska fakulta so sídlom v Košiciach
Format: Buch
Sprache:Slowakisch
Veröffentlicht: Bratislava Vydavateľstvo EKONÓM 2025
Ausgabe:1. vydanie
Schlagworte:
Tags: Tag hinzufügen
Keine Tags, Fügen Sie das erste Tag hinzu!

MARC

LEADER 00000nam a2200000 4500
001 0311924
005 20250923113324.2
020 |a 978-80-225-5223-3 
041 0 |a slo 
044 |a SK 
245 1 0 |a Implementácia ESG prístupov ako konkurenčná výhoda podnikov  |b habilitačná prednáška  |c Magdaléna Freňáková 
250 |a 1. vydanie 
264 1 |a Bratislava  |b Vydavateľstvo EKONÓM  |c 2025 
300 |a 62 s. 
610 2 0 |a ESG 
610 2 0 |a konkurencia 
610 2 0 |a konkurencieschopnosť 
610 2 0 |a výkonnosť finančná 
100 1 |a Freňáková, Magdaléna, 1981- 
710 2 |a Ekonomická univerzita v Bratislave. Podnikovohospodárska fakulta so sídlom v Košiciach